000 02534nam0a2200361 4500
001 RU\NLR\BIBL_A\012367184
005 20201012114954.0
010 _a978-5-9239-1154-1
_9100
021 _aRU
_bКН-П-20-031598
_9КН-П-20-2422
035 _a(NLR Aleph) 012367184
035 _a(RuMoRGB)010348617
090 _a11558717
_c11558717
100 _a20201001d2020 u y0rusy50 ca
101 0 _arus
102 _aRU
105 _aa|||j|||000zy
181 0 _ai
_baxxe
182 0 _an
200 1 _aТехнология целлюлозы
_eотбелка целлюлозы
_eучебное пособие для студентов бакалавриата направлений подготовки 18.03.01 "Химическая технология", 18.03.02 "Энерго- и ресурсосберегающие процессы в химической технологии, нефтехимии и биотехнологии"
_fВ.Г. Ермолинский, кандидат химических наук, доцент, О.П. Ковалева, кандидат технических наук, доцент
_gМинистерство науки и высшего образования РФ, Федеральное государственное бюджетное образовательное учреждение высшего образования "Санкт-Петербургский государственный лесотехнический университет имени С.М. Кирова", Кафедра технологии древесных и целлюлозных композиционных материалов
203 _aТекст
_bвизуальный
_cнепосредственный
210 _aСанкт-Петербург
_cСПбГЛТУ
_d2020
215 _a75 с.
_cил., табл.
_d21
320 _aБиблиогр.: с. 75 (6 назв.)
517 1 _aОтбелка целлюлозы
606 1 _aЦеллюлоза
_jУчебные издания для высших учебных заведений
_xОтбелка
_91097081
_3RU\NLR\AUTH\66111956
686 1 _aЛ774.06я73-1
700 1 _aЕрмолинский
_bВ. Г.
_gВиктор Григорьевич
701 1 _7ca
_8rus
_aКовалева
_bО. П.
_cканд. техн. наук
_gОльга Петровна
_937395
_3RU\NLR\AUTH\7754463
942 _cBOOK
980 _aNBR
980 _aNB